000 01632nam a2200361I 4500
001 383227
003 PE-LiUPU
005 20250905100428.0
008 720816s1957 xx 000 0 eng d
040 _aWSU
_cWSU
_dPE-LiUPU
_bspa
_erda
082 _223
_a241.5
_bE59e
100 1 _aEnslin, Morton Scott,
_d1897-1980.
_eAutor.
245 1 4 _aThe ethics of Paul /
_cMorton Scott Enslin.
264 _aNueva York :
_bAbingdon Press,
_c1957.
300 _a335 páginas.
_c21 centímetros.
504 _aIncluye referencias en pie de página e indice páginas 311-335.
505 _aFORCES THAT CONTRIBUTED TO THE MORAL TEACHINGS OF PAUL: Paul's heritage from judaism -- The contribution of the stoa -- The oriental mystery cults and ethics -- THE ETHICS OF PAUL: The central place of morality in the life and thought of Paul -- The standards- criteria of conduct -- The answer of judaism -- The answer of stoicism -- The ultimate answer of Paul -- MORAL PRECEPTS: Separate yourselves from all that would defile -- Be steadfast in all the conduct of life -- Through love serve one another -- Rejoice in the Lord always: again I will say, rejoice.
526 _aSEG42
526 _aSEG41
526 _aSEG40
526 _aSEG39
526 _aP94
526 _aP87
526 _aP86
526 _aP85
526 _aP77
526 _aP76
526 _aP35
600 0 _aPablo,
_cApóstol,
_xÉtica.
_91640
942 _2ddc
_cBK
_n0
980 _621515
_aDIGNA BRAÑES Analista Documental
_818226
_gJaime Vilcazán Jefe de Análisis Documental
999 _c61925
_d61925